مكتبة جامعة عجلون الوطنية

فهرس بحث المكتبة

مدونة النصوص الجغرافية لمدن الأردن وقراه / (Record no. 34022)

MARC details
000 -LEADER
fixed length control field 00691nam a22001937a 4500
003 - CONTROL NUMBER IDENTIFIER
control field JO-AjAnu
005 - DATE AND TIME OF LATEST TRANSACTION
control field 20250930092755.0
008 - FIXED-LENGTH DATA ELEMENTS--GENERAL INFORMATION
fixed length control field 250929b jo ||||| |||| 00| 0 ara d
020 ## - INTERNATIONAL STANDARD BOOK NUMBER
International Standard Book Number 978-9957-428-22-8
022 ## - INTERNATIONAL STANDARD SERIAL NUMBER
International Standard Serial Number 1060/4/2007
040 ## - CATALOGING SOURCE
Original cataloging agency ANU
Transcribing agency JO-AjAnu
041 ## - LANGUAGE CODE
Language code of original ARA
100 ## - MAIN ENTRY--PERSONAL NAME
Personal name الرواضية، المهدي عيد
Relator term مؤلف
9 (RLIN) 66720
245 ## - TITLE STATEMENT
Title مدونة النصوص الجغرافية لمدن الأردن وقراه /
Statement of responsibility, etc. المهدي عيد الرواضية
260 ## - PUBLICATION, DISTRIBUTION, ETC.
Place of publication, distribution, etc. عمان :
Name of publisher, distributor, etc. اللجنة العليا لكتابة التاريخ،
Date of publication, distribution, etc. 2007
300 ## - PHYSICAL DESCRIPTION
Extent 688 صفحة
650 ## - SUBJECT ADDED ENTRY--TOPICAL TERM
Form subdivision المدن والقرى-الأردن-جغرافيا
942 ## - ADDED ENTRY ELEMENTS (KOHA)
Source of classification or shelving scheme Library of Congress Classification
Koha item type Reference
Suppress in OPAC No
Holdings
Withdrawn status Lost status Source of classification or shelving scheme Damaged status Not for loan Home library Current library Date acquired Total Checkouts Full call number Barcode Date last seen Price effective from Koha item type
    Library of Congress Classification     مكتبة جامعة عجلون الوطنية مكتبة جامعة عجلون الوطنية 29/09/2025   DS153.2.R3322.2007 A30406 29/09/2025 29/09/2025 Reference
    Library of Congress Classification     مكتبة جامعة عجلون الوطنية مكتبة جامعة عجلون الوطنية 29/09/2025   DS153.2.R3322.2007 A30405 29/09/2025 29/09/2025 Reference